export_success — 

Future of Sustainable Agriculture in Saline Environments.

Bibliographic Details
Main Author: Negacz, Katarzyna.
Other Authors: Vellinga, Pier., Barrett-Lennard, Edward., Choukr-Allah, Redouane., Elzenga, Theo.
Format: eBook
Language:English
Published: Milton : Taylor & Francis Group, 2021.
Edition:1st ed.
Subjects:
Online Access:Click to View
LEADER 01609nam a22004093i 4500
001 EBC7245312
003 MiAaPQ
005 20231204023229.0
006 m o d |
007 cr cnu||||||||
008 231204s2021 xx o ||||0 eng d
020 |a 9781000401141  |q (electronic bk.) 
020 |z 9780367621469 
035 |a (MiAaPQ)EBC7245312 
035 |a (Au-PeEL)EBL7245312 
035 |a (OCoLC)1378937755 
040 |a MiAaPQ  |b eng  |e rda  |e pn  |c MiAaPQ  |d MiAaPQ 
082 0 |a 631.416 
100 1 |a Negacz, Katarzyna. 
245 1 0 |a Future of Sustainable Agriculture in Saline Environments. 
250 |a 1st ed. 
264 1 |a Milton :  |b Taylor & Francis Group,  |c 2021. 
264 4 |c Ã2022. 
300 |a 1 online resource (542 pages) 
336 |a text  |b txt  |2 rdacontent 
337 |a computer  |b c  |2 rdamedia 
338 |a online resource  |b cr  |2 rdacarrier 
588 |a Description based on publisher supplied metadata and other sources. 
590 |a Electronic reproduction. Ann Arbor, Michigan : ProQuest Ebook Central, 2023. Available via World Wide Web. Access may be limited to ProQuest Ebook Central affiliated libraries.  
655 4 |a Electronic books. 
700 1 |a Vellinga, Pier. 
700 1 |a Barrett-Lennard, Edward. 
700 1 |a Choukr-Allah, Redouane. 
700 1 |a Elzenga, Theo. 
776 0 8 |i Print version:  |a Negacz, Katarzyna  |t Future of Sustainable Agriculture in Saline Environments  |d Milton : Taylor & Francis Group,c2021  |z 9780367621469 
797 2 |a ProQuest (Firm) 
856 4 0 |u https://ebookcentral.proquest.com/lib/matrademy/detail.action?docID=7245312  |z Click to View